| 000 | 00470nam a22001817a 4500 | ||
|---|---|---|---|
| 005 | 20260515114955.0 | ||
| 008 | 230920b ||||| |||| 00| 0 eng d | ||
| 020 | _a9780571218783 | ||
| 040 |
_aIN-DiNC _cIN-DiNC |
||
| 041 | _deng | ||
| 082 |
_a823 _bMIS |
||
| 100 |
_aMistry, Rohinton _eauthor |
||
| 245 |
_aA fine balance/ _cby Rohinton Mistry |
||
| 260 |
_aLondon: _bFaber and faber limited, _c2004 |
||
| 300 | _a614p. | ||
| 650 | _aEnglish novel | ||
| 942 |
_2ddc _cBK |
||
| 999 |
_c11628 _d11628 |
||